[Event "Bhubaneswar op-A 14th"]
[Site "Bhubaneswar"]
[Date "2023.06.16"]
[Round "8"]
[White "Khadanga, Omm Aditya"]
[Black "Garimella, Srivallabhaditya"]
[Result "1-0"]
[WhiteElo "1662"]
[BlackElo "1505"]
[PlyCount "81"]
[EventDate "2023.06.11"]
[EventType "swiss"]
[EventRounds "10"]
[EventCountry "IND"]
[SourceTitle "CBM 214 Extra"]
[Source "ChessBase"]
[SourceDate "2023.07.31"]
[SourceVersion "1"]
[SourceVersionDate "2023.07.31"]
[SourceQuality "1"]

1. e4 c5 2. Nc3 Nc6 3. Bc4 g6 4. d3 Bg7 5. Bg5 h6 6. Bh4 Nf6 7. Nge2 0-0 8. f4 d6 9. 0-0 a6 10. a4 e6 11. h3 Qc7 12. Qd2 Bd7 13. f5 g5 14. Bg3 exf5 15. exf5 Ne7 16. Rf2 Nxf5 17. Bh2 Rae8 18. Raf1 Ne3 19. Rxf6 Nxf1 20. Rxf1 Bc6 21. Nd5 Bxd5 22. Bxd5 Kh8 23. Ng3 Bd4+ 24. Kh1 f5 25. c3 Be5 26. Qd1 Qd7 27. Qh5 Bxg3 28. Bxg3 Kg7 29. a5 f4 30. Be1 f3 31. Bxf3 Qf7 32. Qxf7+ Rxf7 33. c4 Re3 34. Bc3+ Kf8 35. Rd1 Rfe7 36. d4 Ke8 37. dxc5 dxc5 38. Bh5+ Kf8 39. Rd8+ Re8 40. Bxe8 Ke7 41. Rb8 1-0

[Event "Odisha-ch 60th"]
[Site "Balasore"]
[Date "2019.10.04"]
[Round "7"]
[White "Shreyash, Shuvam Patnaik"]
[Black "Khadanga, Omm Aditya"]
[Result "1-0"]
[WhiteElo "1930"]
[BlackElo "1399"]
[PlyCount "155"]
[EventDate "2019.10.01"]
[EventType "swiss"]
[EventRounds "9"]
[EventCountry "IND"]
[SourceTitle "CBM 192 Extra"]
[Source "Chessbase"]
[SourceDate "2019.11.06"]
[SourceVersion "1"]
[SourceVersionDate "2019.11.06"]
[SourceQuality "1"]

1. e4 e5 2. Nf3 Nc6 3. d4 exd4 4. Bc4 Nf6 5. e5 d5 6. Bb5 Ne4 7. Nxd4 Bc5 8. 0-0 Bxd4 9. Qxd4 0-0 10. Bxc6 bxc6 11. b4 f6 12. Bb2 fxe5 13. Qxe5 Qf6 14. Qxf6 Nxf6 15. Nd2 Rb8 16. Nb3 Re8 17. a3 Bf5 18. Rac1 Ne4 19. Bd4 a6 20. f3 Nd6 21. g4 Be6 22. Nc5 Ra8 23. Rfe1 Bf7 24. Rxe8+ Bxe8 25. Re1 Bf7 26. Re7 Kf8 27. Re5 a5 28. Nd7+ Kg8 29. Rg5 Ne8 30. Ne5 h6 31. Rf5 Be6 32. Rh5 Nf6 33. Rh3 axb4 34. axb4 Ra6 35. Nd3 Nd7 36. Nf4 Bf7 37. Nh5 g6 38. Ng3 Kh7 39. Be3 Ra1+ 40. Kf2 Ra2 41. Rxh6+ Kg7 42. g5 Rxc2+ 43. Ne2 Bg8 44. Bd4+ Kf7 45. h4 c5 46. bxc5 Nxc5 47. h5 Ne6 48. hxg6+ Kf8 49. g7+ Nxg7 50. Rf6+ Ke8 51. Ra6 Ne6 52. Ra8+ Kf7 53. g6+ Ke7 54. Be5 d4 55. Ra3 Nf8 56. Bxd4 Nxg6 57. Re3+ Kf8 58. Kg3 c5 59. Bc3 Bc4 60. Nf4 Nxf4 61. Kxf4 Be2 62. Kf5 Bc4 63. f4 Re2 64. Rg3 Bf7 65. Be5 Rd2 66. Kf6 Rd8 67. Rh3 c4 68. Rh8+ Bg8 69. Kg6 Rd7 70. f5 c3 71. Bxc3 Rd6+ 72. f6 Rb6 73. Bd2 Ra6 74. Bh6+ Ke8 75. Rxg8+ Kd7 76. Kg7 Ke6 77. f7 Ra7 78. Re8+ 1-0